000 02011cam a2200565 a 4500
001 21697
003 VRT
005 20260309094248.0
008 240318s2016 xo a a 000 0 slo
015 _aSNBA2016/12
020 _a9788081079306
_q(viaz.)
039 9 _a202403182302
_bVLOAD
_c202201201858
_dAUTHORITY
_c201911210806
_dAUTHORITY
_c201705111426
_dmsavuk02
040 _aSLLK
_bslo
_cSLLK
_dSVKBB
_dSNK
_eAACR2
041 1 _aslo
_heng
044 _axo
_cSK
072 7 _a59
_xZoológia
_2konspekt
072 7 _a0/9-053.2
_xLiteratúra pre deti a mládež (náučná)
_2konspekt
080 _a592/599
_22011
080 _a(0.05)
_22011
080 _a(0.025.2)
_22011
100 1 _aMartin, Ruth
_4aut
240 1 0 _aLittle Explorers - Animal Kingdom
_lSlovensky
245 1 0 _aSvet zvierat
_bodokry okienka a preskúmaj svet zvierat skrz-naskrz
_cRuth Martin, Allan Sanders ; [preklad z anglického vydania Jitka Madarásová]
250 _a1. slov. vyd.
260 _aBratislava
_bSvojtka & Co.
_c2016
300 _a[16] s.
_bfareb. ilustr.
_c23 cm
490 1 _aMalý prieskumník
500 _aNázov z obalu
500 _aKartónové listy s otváracími okienkami
521 1 _aPre deti od 3 rokov
650 0 7 _azvieratá
_2SNKPH
650 0 7 _aAnimals
_2SNKPHeng
655 7 _apublikácie pre deti
_2SNKPH
655 7 _aleporelá
_2SNKPH
655 7 _aChildren's literature
_2SNKPHeng
655 7 _aPicture books for children
_2SNKPHeng
700 1 _aSanders, Allan
_4aut
700 1 _aMadarásová, Jitka
_4trl
830 0 _aMalý prieskumník
910 _asllk
910 _ahevk
910 _apokpoh
910 _asavuk
942 _2ddc
_cOLDE
_n0
949 _6270001000553118
_asvkbbA 148915
_bsvkbbm 764290
949 _62889324597
_asavukPV 23852
_bsavuk2017/1503
949 _617A1218220
_asnkSC 172087
_bsnk2016/27171
_o2317/2016
949 _617A1218221
_asnkSC 172087 D1
_bsnk2016/27173
_o2317/2016+ 2 mpl 1/2020
999 _c21697
_d21697